The Defense of Price Discrimination in Network and Information Goods Markets

Poskytnutie prehľadu prečo, kde a ktorý typ cenotvorby nie je možné jednoznačne odsúdiť ako pokus firiem zahmlievať ceny a vykorisťovať spotrebiteľov. Týka sa to informačných a sieťových tovarov a výpočtu marginalizovaných nákladov.

Gespeichert in:
Bibliographische Detailangaben
1. Verfasser: Soukal, Ivan
Format: Buchkapitel
Sprache:Englisch
Schlagworte:
Tags: Tag hinzufügen
Keine Tags, Fügen Sie das erste Tag hinzu!

MARC

LEADER 00000naa a2200000 4500
001 0280354
005 20211216091248.6
041 0 |a eng 
044 |a CZ 
245 1 0 |a The Defense of Price Discrimination in Network and Information Goods Markets  |c Ivan Soukal 
520 |a Poskytnutie prehľadu prečo, kde a ktorý typ cenotvorby nie je možné jednoznačne odsúdiť ako pokus firiem zahmlievať ceny a vykorisťovať spotrebiteľov. Týka sa to informačných a sieťových tovarov a výpočtu marginalizovaných nákladov. 
610 2 0 |a diferenciácia cenová 
610 2 0 |a stratégia cenová 
610 2 0 |a tovar 
610 2 0 |a siete dátové 
610 2 0 |a informácie 
610 2 0 |a náklady 
100 1 |a Soukal, Ivan